LIBRARY & INFORMATION CENTRE, KCAET, TAVANUR

ONLINE PUBLIC ACCESS CATALOGUE (OPAC)

Floods, flood plains and environmental myths (Record no. 13025)

MARC details
000 -LEADER
fixed length control field 00836cam a2200133ua 4500
041 ## - LANGUAGE CODE
Language code of text/sound track or separate title eng
245 ## - TITLE STATEMENT
Title Floods, flood plains and environmental myths
260 ## - PUBLICATION, DISTRIBUTION, ETC. (IMPRINT)
Place of publication New Delhi :
Name of publisher Centre for Science and Environment ,
Year of publication 2005.
300 ## - PHYSICAL DESCRIPTION
Number of Pages ;
Accompanying material `.
942 ## - ADDED ENTRY ELEMENTS (KOHA)
Koha item type Books
Holdings
Withdrawn status Lost status Damaged status Home library Current library Date acquired Accession Number Koha item type
      KAUAET KAUAET 07/04/2012 21102 Books
free website counter